Statistics for MCU Characters By State

Click here to take the quiz!

General Stats

  • This quiz has been taken 39 times
  • The average score is 12 of 17

Answer Stats

CharacterUS State% Correct
Steve Rogers / Captain AmericaNew York
100%
Tony Stark / Iron ManCalifornia
92%
ThorNew Mexico
88%
Peter Parker / Spider-ManNew York
88%
Dr. StrangeNew York
84%
Bucky Barnes / Winter SoldierNew York
80%
The VisionNew York
76%
Wanda Maximoff / Scarlet WitchNew York
76%
Clint Barton / HawkeyeNew Mexico
68%
Sam Wilson / The FalconWashington D.C.
68%
James Rhodes / War MachineCalifornia
68%
Peter Quill / Star LordMissouri
64%
Nick FuryCalifornia
60%
Black WidowCalifornia
52%
Scott Lang / Ant ManCalifornia
52%
T'Challa / Black PantherCalifornia
48%
Bruce Banner / The HulkVirginia
16%

Score Distribution

Percentile by Number Answered

Percent of People with Each Score

Your Score History

You have not taken this quiz